| 000 | 01002cam a22002535a 4500 | ||
|---|---|---|---|
| 001 | L127370 | ||
| 008 | 040914s2006 xxk f 000 0 eng u | ||
| 020 | _a1405124318 | ||
| 035 | _a(Sirsi) u127370 | ||
| 041 | 0 | _aeng | |
| 050 | 0 | 4 | _a658.404 $2 22 |
| 245 | 0 | 4 |
_aThe management of complex projects _ba relationship approach |
| 260 |
_aOxford _bBlackwell Publishing _c2006 |
||
| 300 |
_aix, 316p. _c24cm. |
||
| 350 | _a29.99 | ||
| 505 | 2 | _aIntroduction -- Mindsets, behaviour and competancies -- Relationships at the client-design-team-contractor interface -- Relationships across project clusters and supply chains -- Conclusion | |
| 520 | _aSets out methods for establishing and maintaining successful relationships between the client and members of the project team in the management of complex projects. | ||
| 521 | _aAdvanced | ||
| 651 | 4 |
_aUnited Kingdom _y |
|
| 690 |
_aProject management _96261 |
||
| 700 | 1 |
_aPryke, Stephen _eEditor |
|
| 700 | 1 |
_aSmyth, Hedley _eEditor |
|
| 942 | _n0 | ||
| 999 |
_c103764 _d103764 |
||